000 00428pab a2200181 454500
008 180718b2010 xxu||||| |||| 00| 0 eng d
100 _aSatish Kumar
245 _aImpending constitution crisis in Nepal
260 _c2010
300 _ap.23-24.
362 _a8 May
650 _aNepal - Constitution
650 _aConstitutions
700 _aKashyap, Aparijita
773 _aMainstream
908 _aN
909 _a86678
999 _c86678
_d86678